Мальчики да девочки: роман
| Hoofdauteur: | |
|---|---|
| Samenvatting: | Новая книга Елена Колиной — настоящий подарок для тех, кто когда-то зачитывался «Унесенными ветром». Метания одинокой души, которая страстно хочет не просто выжить в «окаянные дни», но и обязательно стать Счастливой, трогают настолько, что перехватывает дыхание. Прелестная княжна, вырванная из мирка бонн и гувернанток, попадает в чужую семью, с иными традициями и ценностями. Каждый день — опасности и открытия, радости и потери. Но острый ум, обаяние, способность быть и безоглядно преданной, и крайне эгоистичной не дают сорваться в пропасть. «Если человек утверждает, что не гонится за славой, за гениями, счастьем и богатством, то это не означает, что он досадливо машет рукой, когда все эти вожделенные вещи проносятся мимо... Скорее, они не так уж часто встречаются на его пути...» |
| Taal: | Russisch |
| Gepubliceerd in: |
Москва, АСТ, 2008
|
| Onderwerpen: | |
| Formaat: | MixedMaterials Boek |
| KOHA link: | https://koha.lib.tpu.ru/cgi-bin/koha/opac-detail.pl?biblionumber=153312 |
MARC
| LEADER | 00000nam0a2200000 4500 | ||
|---|---|---|---|
| 001 | 153312 | ||
| 005 | 20231031151350.0 | ||
| 010 | |a 9785170553211 | ||
| 010 | |a 978-5-271-21802-6 | ||
| 035 | |a (RuTPU)RU\TPU\book\166335 | ||
| 090 | |a 153312 | ||
| 100 | |a 20090211d2008 m y0rusy50 ca | ||
| 101 | 0 | |a rus | |
| 102 | |a RU | ||
| 105 | |a y z 000ay | ||
| 200 | 1 | |a Мальчики да девочки |e роман |f Е. Колина | |
| 210 | |a Москва |c АСТ |c Астрель |d 2008 | ||
| 215 | |a 319 с. | ||
| 330 | |a Новая книга Елена Колиной — настоящий подарок для тех, кто когда-то зачитывался «Унесенными ветром». Метания одинокой души, которая страстно хочет не просто выжить в «окаянные дни», но и обязательно стать Счастливой, трогают настолько, что перехватывает дыхание. Прелестная княжна, вырванная из мирка бонн и гувернанток, попадает в чужую семью, с иными традициями и ценностями. Каждый день — опасности и открытия, радости и потери. Но острый ум, обаяние, способность быть и безоглядно преданной, и крайне эгоистичной не дают сорваться в пропасть. «Если человек утверждает, что не гонится за славой, за гениями, счастьем и богатством, то это не означает, что он досадливо машет рукой, когда все эти вожделенные вещи проносятся мимо... Скорее, они не так уж часто встречаются на его пути...» | ||
| 610 | 1 | |a русская литература | |
| 610 | 1 | |a романы | |
| 610 | 1 | |a приключения | |
| 610 | 1 | |a любовь | |
| 675 | |a Р2 |v 3 | ||
| 700 | 1 | |a Колина |b Е. |g Елена | |
| 801 | 1 | |a RU |b 63413507 |c 20090211 |g PSBO | |
| 801 | 2 | |a RU |b 63413507 |c 20090225 |g PSBO | |
| 942 | |c BK | ||